000 02101nam a22002177a 4500
005 20260416101629.0
008 260416b |||||||| |||| 00| 0 eng d
020 _a9780231110938
037 _cTexual
040 _aRTL
_cRTL
084 _qRTL
100 _aWeston, Kath
_91234903
245 _afamilies we choose: Lesbians, gays, kinship
260 _aNew York
_bColumbia University Press
_c1991
300 _bxxi, 261p.
_cincludes bibliographical references and index
520 _aBased on a trip to the now abandoned Mexican mercury mining town of San Felipe Nuevo Mercurio, The Company explores the development of mercury mining as a technology and its present environmental consequences, both predictable and unforeseen, in what Cristina Rivera Garza terms "an exemplary disappropriative work." In a book that subverts both textual and graphic expectations, part a involves a rewriting of Amparo Dávila's "The Houseguest," changing specific aspects of the text: verb tenses are transposed to the future; the houseguest becomes the menacing presence of The Company; and the domestic helper who suffers the intimidation of The Company along with her unnamed female employer is the machine. In part b, scientific reports dating from the 1950s to the present day, conversations with experts and miners, and excerpts from the story of "Long, Tall José" construct a history of mercury mining in the area and the subsequent environmental contamination. In both sections, text is accompanied by images that range from Gerber Bicecci's intervened photographs of the ghost town and the surrounding area to technical diagrams and reinterpreted maps, plus pictograms from Manuel Felguérez's La máquina estética (1975).As Rivera Garza says in her epilogue, "Gerber Bicecci moves us toward the past and the future, without for an instant forgetting the present we share . . . Nothing is at peace here, everything is at stake."
650 _aGays - United States
_91234904
650 _aKinship - United States
_91234905
650 _aGay couples- United States
_91234906
942 _2CC
_cTB
_n0
999 _c1848272
_d1848272